| 000 | 00338nam a22001337a 4500 | ||
|---|---|---|---|
| 003 | OSt | ||
| 008 | 150615b xxu||||| |||| 00| 0 eng d | ||
| 100 | 1 | _aCherrystone Auction Galleries | |
| 041 | _aeng | ||
| 245 | 1 | 0 | _aThe Andrew Cronin collection |
| 246 | 1 | 0 | _aSeptember 24, 2009 |
| 260 | _bCherrystone Auction Galleries | ||
| 300 | _a0 pages | ||
| 999 |
_c1570 _d1570 |
||